Filmographie de Leonardo DiCaprio par images - Statistiques

Statistiques générales
  • Ce quiz a été pris 595 fois
  • Le résultat moyen est 11 sur 20
Statistiques - réponses
Par images Hint Réponse % Correct
1997 Titanic
100%
2013 Le Loup de Wall Street
86%
2015 The Revenant
82%
2010 Inception
80%
2010 Shutter Island
80%
2013 Gatsby le Magnifique
78%
2012 Django Unchained
69%
1996 Roméo + Juliette
64%
2002 Arrête-moi si tu peux
58%
2021 Don't Look Up
52%
2023 Killers of the Flower Moon
51%
2006 Les Infiltrés
48%
2019 Once Upon a Time... In Hollywood
47%
2000 La Plage
45%
2004 Aviator
44%
2006 Blood Diamond
35%
1998 L'Homme au masque de fer
27%
1993 Gilbert Grape
26%
2008 Les Noces Rebelles
26%
2002 Gangs of New York
23%
Aucun quiz correspondant
Distribution des résultats
% des personnes avec chaque résultat
Percentile par nombre de réponses
Votre historique - résultats
Vous n’avez pas pris ce quiz